000 003310000a22001450004500
001 10993
041 0 _aSPA
082 0 4 _aG 862 F954t
100 1 _aFuentes, Carlos
245 1 0 _aTodos los gatos son pardos / Carlos Fuentes
250 _a7
260 _aMéxico, D.F., México : Siglo Veintiuno
300 _a187 Pag
942 _cBK
999 _c40368
_d40368